00500nam a2200193 a 4500001001300000003000900013005001700022008004100039020001000080082001300090100002700103245003800130260003500168300000900203500003500212505001900247650001300266700002700279nice12345678IN_TiNIC20260116011529.0050524s1954 newa grp 000 0 eng  ac10000a291bBRA aBraden, Charles Samuel aWorld`s Religionb Short History. aNew YorkbAbingdon Pressc1954 a256p aincludes index and biblioraphy2 aBiblio, Index. aReligion1 aBraden, Charles Samuel